United Kingdom Registration Plates - Statistics

General Stats
  • This quiz has been taken 28 times
  • The average score is 8 of 19
Answer Stats
Registration Answer % Correct
L London
92%
B Birmingham
88%
M Manchester and Merseyside
83%
S Scotland
79%
N North
71%
C Cymru
67%
Y Yorkshire
58%
O Oxford
54%
E Essex
42%
P Preston
38%
A Anglia
33%
G Garden of England
29%
D Deeside
25%
R Reading
25%
H Hampshire and Dorset
21%
K Kettering
13%
V Severn Valley
13%
W West of England
8%
F Forest and Fens
4%
No matching quizzes found
Score Distribution
Percent of People with Each Score
Percentile by Number Answered
Your Score History
You have not taken this quiz